Statistics for Countries and Capitals - Same First Letter

Click here to take the quiz!

General Stats

  • This quiz has been taken 16 times
  • The average score is 22 of 29

Answer Stats

ContinentHintCountryCapital% Correct
AFRICAAAlgeriaAlgiers
100%
SOUTH AMERICABBrazilBrasilia
100%
EUROPEBBelgiumBrussels
100%
NORTH AMERICAGGuatemalaGuatemala City
100%
EUROPELLuxembourgLuxembourg
100%
NORTH AMERICAMMexicoMexico City
100%
NORTH AMERICAPPanamaPanama City
100%
ASIASSingaporeSingapore
100%
EUROPEVVatican CityVatican City
100%
EUROPEAAndorraAndorra La Vella
91%
AFRICADDjiboutiDjibouti
91%
SOUTH AMERICAGGuyanaGeorgetown
91%
EUROPESSan MarinoSan Marino
91%
EUROPESSwedenStockholm
91%
NORTH AMERICABBarbadosBridgetown
82%
ASIAKKuwaitKuwait City
82%
EUROPEMMonacoMonaco
82%
ASIASSouth KoreaSeoul
82%
AFRICATTunisiaTunis
82%
ASIAMMaldivesMale
64%
NORTH AMERICABBelizeBelmopan
55%
AFRICAMMozambiqueMaputo
55%
AFRICANNigerNiamey
55%
AFRICASSao TomeSao Tome
55%
OCEANIAPPapa New GuineaPort Moresby
45%
ASIATTaiwanTaipei
45%
OCEANIAMMarshall IslandsMajuro
36%
ASIABBruneiBandar Seri Begawan
27%
ASIASSri LankaSri Jayawardenapura
9%

Score Distribution

Percentile by Number Answered

Percent of People with Each Score

Your Score History

You have not taken this quiz